| 000 | 00510nam a22001937a 4500 | ||
|---|---|---|---|
| 003 | DEla salle | ||
| 005 | 20140310182812.0 | ||
| 008 | 130222t xxu||||| |||| 00| 0 eng d | ||
| 020 | _a9710868497 | ||
| 050 |
_aR 724 _b.T482 2009 |
||
| 100 | _aTimbreza, Florentino T. | ||
| 245 |
_aHealth care ethics / _cFlorentino T. Timbreza |
||
| 260 |
_aMandaluyong City : _bNational Book Store, _c2007. |
||
| 300 |
_a157 p. : _c23 cm. |
||
| 521 | _aNUR | ||
| 562 | _e1 | ||
| 942 |
_2lcc _cBK _kLOC |
||
| 999 |
_c16197 _d16197 |
||